000 00509nam a2200145 a 4500
040 _cDLC
082 0 0 _a302 UNI 1991 A073 Or.
245 0 0 _aAnalyse du discours et de l'interaction :
_bmodèles théoriques, études et ouvertures.
260 _aGenève :
_bUnité de linguistique française, Faculté des lettres, Université de Genève,
_c1991.
300 _a187 p. :
_bill. ;
_c21 cm.
650 0 _aOral communication.
650 0 _aInterpersonal communication.
650 0 _aDiscourse analysis.
942 _cEK
999 _c15146
_d15146